000 00383nam a22001697a 4500
003 MPLRDC
005 20220104143219.0
008 210129b ||||| |||| 00| 0 eng d
082 _a811.7 ZTZ
100 _a周庭桢
245 _a英语翻译基础
_c
250 _a初版
260 _a
_b英语出版社
_c1958
300 _b
650 _a翻译
942 _cBK
_o811.7 ZTZ
999 _c37711
_d37701